Estracto que contiene lo más útil necesario que se halla en los manuales, ...

Detalles Bibliográficos
Formato: Libro
Publicado: México 1855
Materias:
Colección:Banco de datos
Acervo:Biblioteca del Ex Convento de Nuestra Señora de Guadalupe. Zacatecas
Tema general:Pastoral
Notas:Buena. XVII,9,20 (5536). Ex libris manuscrito de Fr. Francisco Luján
LEADER 00704nam a22001810004500
035 |a 44041 
036 |a 5225 
245 1 0 |a Estracto que contiene lo más útil necesario que se halla en los manuales, ... 
260 |a México  |b Imprenta de J.M. Lara  |c 1855 
500 |a Buena. XVII,9,20 (5536). Ex libris manuscrito de Fr. Francisco Luján 
650 1 0 |a Pastoral 
949 |a CRZ-CG 
959 |a Ex convento de Nuestra Señora de Guadalupe, Museo Regional de Zacatecas, Zacatecas  |b CCC4 
960 |a Convento de Nuestra Señora de Guadalupe, Zacatecas  |b DD87 
961 |a Franciscana  |b OF 
942 |c CRZ-CG 
943 |g Biblioteca del Ex Convento de Nuestra Señora de Guadalupe. Zacatecas 
999 |c 968168  |d 968168